De los derechos humanos: las conferencias Oxford Amnesty de 1993
محفوظ في:
| المؤلفون الرئيسيون: | , |
|---|---|
| التنسيق: | كتاب |
| اللغة: | الإسبانية |
| منشور في: |
Madrid
Trotta
1998
|
| سلاسل: | Colección Estructuras y Procesos. Serie Filosofía
|
| الموضوعات: | |
| الوسوم: |
إضافة وسم
لا توجد وسوم, كن أول من يضع وسما على هذه التسجيلة!
|
MARC
| LEADER | 00000nam a2200000 a 4500 | ||
|---|---|---|---|
| 001 | UCQ3358 | ||
| 003 | CL-VaPUC | ||
| 008 | 980821e19980000SP |||||||||||||||||spa|d | ||
| 082 | 0 | 4 | |a 323.4 |b SHU |2 21 |
| 100 | 0 | |a Shute, Stephen |e author |9 417419 | |
| 700 | 0 | |a Hurley, Susan |e author |9 417420 | |
| 245 | 1 | 0 | |a De los derechos humanos: las conferencias Oxford Amnesty de 1993 |
| 300 | |a 205 p | ||
| 942 | |c BK | ||
| 945 | |d 19980821 00:00:00 |a aarredon | ||
| 260 | |a Madrid |b Trotta |c 1998 | ||
| 650 | 0 | |a Derechos humanos |9 223025 | |
| 650 | 0 | |a Filosofía del derecho |9 255050 | |
| 650 | 0 | |a Derecho natural |9 255041 | |
| 650 | 0 | |a Etica social |9 267623 | |
| 583 | |a last modification |c 19980821 00:00:00 |k Rodrigo Vera | ||
| 490 | 0 | |a Colección Estructuras y Procesos. Serie Filosofía | |
| 999 | |c 273946 |d 273944 | ||
| 952 | |0 0 |1 0 |4 0 |6 323_400000000000000_SHU_1998 |7 0 |8 DER_TF |9 309936 |a BIBDER |b BIBDER |d 2019-11-20 |i 3453006 |o 323.4 SHU 1998 |p 3453006 |r 2023-01-25 |w 2019-11-20 |x Ubicación 4to Piso |y BK |z Estos recursos deben solicitarse con anticipación |k DER | ||
| 952 | |0 0 |1 0 |4 0 |6 323_400000000000000_SHU_1998 |7 0 |8 A |9 309937 |a BIBDER |b BIBDER |d 2019-11-20 |i 3456382 |o 323.4 SHU 1998 |p 3456382 |r 2023-01-25 |w 2019-11-20 |y BK |k DER | ||